000 00604nam a22002417a 4500
003 OSt
005 20140310182904.0
008 130121t xxu||||| |||| 00| 0 eng d
020 _a9789712349256
050 _aHF 5691
_b.B517 2007
082 _aFIL 513.93
_bB45 2007
245 _aBusiness mathematics made easy
_cBernal, Ophelia Paras
260 _aManila
_bRex Book Store
_c2007
300 _c22.5 cm.
_a201 p.
521 _aCollege
526 _c1210-1700L
541 _j1
541 _j2
541 _j3
541 _j4
562 _e4
942 _2lcc
_cBK
_kFIL
999 _c17131
_d17131